F[r]icciones : (Record no. 316)

MARC details
000 -LEADER
campo de control de longitud fija 01644mam a2200397 a 4500
001 - NÚMERO DE CONTROL
campo de control 3365008
005 - FECHA Y HORA DE LA ÚLTIMA TRANSACCIÓN
campo de control 20220326193302.0
008 - DATOS DE LONGITUD FIJA--INFORMACIÓN GENERAL
campo de control de longitud fija 010328s2000 sp a bc 000 0 spa d
020 ## - NÚMERO INTERNACIONAL ESTÁNDAR DEL LIBRO
Número Internacional Estándar del Libro 8480269685
035 ## - NÚMERO DE CONTROL DEL SISTEMA
Número de control de sistema (OCoLC)ocm46658405
035 ## - NÚMERO DE CONTROL DEL SISTEMA
Número de control de sistema (NNC)3365008
040 ## - FUENTE DE CATALOGACIÓN
Centro catalogador/agencia de origen PL#
Centro/agencia transcriptor PL#
Centro/agencia modificador OCL
-- CLU
-- NNC
041 0# - CÓDIGO DE IDIOMA
Código de lengua del texto/banda sonora o título independiente spapor
082 ## - NÚMERO DE LA CLASIFICACIÓN DECIMAL DEWEY
Número de clasificación 708
Número de ítem M986fr
090 ## - LOCALMENTE ASIGNADO TIPO-LC NÚMERO DE CLASIFICACIÓN (OCLC); NÚMERO DE CLASIFICACIÓN LOCAL (RLIN)
Número de clasificación (OCLC) (R) ; Numero de clasificación, CALL (RLIN) (NR) N6502
Número cutter local (OCLC) ; Número de libro/Signatura topográfica íntegra, CALL (RLIN) .F75 2000
110 ## - ENTRADA PRINCIPAL--NOMBRE DE ENTIDAD CORPORATIVA
Nombre de entidad corporativa o nombre de jurisdicción como elemento de entrada Museo Nacional Centro de Arte Reina Sofia
9 (RLIN) 1491
245 00 - MENCIÓN DEL TÍTULO
Título F[r]icciones :
Resto del título Museo Nacional Centro de Arte Reina Sofía, 12/XII/00-26/III/01 /
Mención de responsabilidad, etc. [catálogo concepto y edición, Ivo Mesquita, Adriano Pedrosa].
246 3# - FORMA VARIANTE DEL TITULO
Título propio/Titulo breve Fricciones
250 ## - MENCION DE EDICION
Mención de edición 1. ed.
260 ## - PUBLICACIÓN, DISTRIBUCIÓN, ETC.
Lugar de publicación, distribución, etc. [Madrid] :
Nombre del editor, distribuidor, etc. Museo Nacional Centro de Arte Reina Sofía :
-- Versiones del Sur,
Fecha de publicación, distribución, etc. [2000]
300 ## - DESCRIPCIÓN FÍSICA
Extensión 255 p. :
Otras características físicas ill. (chiefly col.) ;
Dimensiones 28 cm.
500 ## - NOTA GENERAL
Nota general Between December 12, 2000 and March 26, 2001, the Museo Nacional Centro de Arte Reina Sofía in Madrid presented 5 exhibitions on diverse aspects of the arts of Latin America collectively called "Versiones del Sur".
500 ## - NOTA GENERAL
Nota general Some ill. are mounted.
504 ## - NOTA DE BIBLIOGRAFÍA, ETC.
Nota de bibliografía, etc. Includes bibliographical references (p. 252-253).
546 ## - NOTA DE IDIOMA
Nota de lengua/lenguaje Spanish with some text in Portuguese
600 10 - PUNTO DE ACCESO ADICIONAL DE MATERIA--NOMBRE DE PERSONA
Nombre de persona Borges, Jorge Luis,
Fechas asociadas al nombre 1899-1986.
Título de la obra Ficciones.
9 (RLIN) 1492
650 #0 - PUNTO DE ACCESO ADICIONAL DE MATERIA--TÉRMINO DE MATERIA
Término de materia o nombre geográfico como elemento de entrada Art, Latin American
Subdivisión de forma Exhibitions.
9 (RLIN) 756
650 #0 - PUNTO DE ACCESO ADICIONAL DE MATERIA--TÉRMINO DE MATERIA
Término de materia o nombre geográfico como elemento de entrada Art and history
Subdivisión de forma Exhibitions.
9 (RLIN) 1493
653 ## - TÉRMINO DE INDIZACIÓN--NO CONTROLADO
Término no controlado Pintura
-- Exposiciones.
653 ## - TÉRMINO DE INDIZACIÓN--NO CONTROLADO
Término no controlado Escultura
-- Exposiciones.
700 1# - ENTRADA AGREGADA--NOMBRE PERSONAL
Nombre de persona Mesquita, Ivo.
9 (RLIN) 1494
700 1# - ENTRADA AGREGADA--NOMBRE PERSONAL
Nombre de persona Pedrosa, Adriano.
9 (RLIN) 1495
710 2# - ENTRADA AGREGADA--NOMBRE DE ENTIDAD CORPORATIVA
Nombre de entidad corporativa o nombre de jurisdicción como elemento de entrada Museo Nacional Centro de Arte Reina Sofía.
9 (RLIN) 1491
740 0# - ENTRADA AGREGADA--TÍTULO RELACIONADO/ANALÍTICO NO CONTROLADO
Título relacionado o analítico no controlado Versiones del Sur.
Holdings
Estatus retirado Estado de pérdida Fuente del sistema de clasificación o colocación Estado de daño No para préstamo Biblioteca de origen Biblioteca actual Ubicación en estantería Fecha de adquisición Total de préstamos Signatura topográfica completa Código de barras Visto por última vez Precio de reemplazo Tipo de ítem Koha
    Clasificación Decimal Dewey     Biblioteca LadoV Biblioteca LadoV   31/10/2014   708 M986fr 000358 31/10/2014 31/10/2014 Material 01